10 KRAJÓW O NAJWIĘKSZEJ POPULACJI LGBTQ+ - Statystyki

Ogólne statystyki
  • Ten quiz został rozwiązany 142 razy
  • Średni wynik to 7 z 10
Statystyki odpowiedzi
Hint Odpowiedź % Poprawnych
10% Stany Zjednoczone
95%
11% Niemcy
86%
10% Hiszpania
83%
11% Kanada
83%
11% Wielka Brytania
80%
13% Brazylia
66%
14% Holandia
66%
10% Argentyna
46%
10% Tajlandia
33%
11% Chile
28%
Nie znaleziono quizów pasujących do podanych kryteriów
Rozkład punktacji
Procent ludzi z każdym wynikiem
Percentyl według liczby udzielonych odpowiedzi
Twoja historia wyników
Nie rozwiązałeś tego quizu